| 000 | 01806cam a22004574i 4500 | ||
|---|---|---|---|
| 003 | PE-LiUPU | ||
| 005 | 20250731173116.0 | ||
| 008 | 150623s1984 bl rb 000 0 por d | ||
| 035 | _a(Sirsi) a252217 | ||
| 040 |
_aPE-LiUPU _bspa _cPE-LiUPU _dPE-LiUPU _erda |
||
| 041 | 1 |
_apor _hspa |
|
| 082 | 0 | 4 |
_a226.507 _bV39 _221 |
| 100 | 1 |
_aVeloso, Mario, _eautor. |
|
| 245 | 1 | 0 |
_aComentario del evangelio de Juan / _cMario Veloso. |
| 264 | 1 |
_aBrasil : _beditoa dos Adventistas do sétimo Dia, _c1984. |
|
| 300 |
_a445 páginas ; _c20 centímetros |
||
| 336 |
_atext _2rdacontent |
||
| 337 |
_aunmediated _2rdamedia |
||
| 338 |
_avolume _2rdacarrier |
||
| 505 | 0 | _aComposicao do livro -- propósito e destinatários -- autor, lugar e data -- problema estrutural -- testemunhas em acao -- comeca a acao geradora de fé -- o encontro do homen com Deus -- a fé chega a samaritanos e incrédulos -- restauracao do homen a plenitude da vida. | |
| 526 | _aSEG42 | ||
| 526 | _aSEG41 | ||
| 526 | _aSEG40 | ||
| 526 | _aSEG39 | ||
| 526 | _aP94 | ||
| 526 | _aP87 | ||
| 526 | _aP86 | ||
| 526 | _aP85 | ||
| 526 | _aP77 | ||
| 526 | _aP76 | ||
| 526 | _aP35 | ||
| 534 |
_pTítulo Original : _tComentario del evangelio de Juan. |
||
| 650 |
_aBiblia. _pN.T. _pJuan _xComentarios. |
||
| 910 |
_bksl _cksl _d20190527 |
||
| 942 |
_2ddc _cBOOK |
||
| 949 |
_a226.507 V42 _wDEWEY _c2 _i39043 _lCCODEBUL1 _mBUL _p20.00 _r0 _sY _tBOOK _u2015-06-24 _xTEOLOGIA _PP35 _0COMPRA _o.STAFF. Colección Teología |
||
| 994 |
_aC0 _bPEPRU |
||
| 596 | _a1 | ||
| 999 |
_a226.507 V39 _wDEWEY _c31463 _i39043 _f2021-11-9 _g3 _lCCODEBUL1 _mBUL _p20.00 _r0 _sY _tBOOK _u2019-5-27 _xTEOLOGIA _PP35 _0COMPRA _o.STAFF. Colección Teología _d31463 |
||
| 980 |
_81 _gALBERTO SANCHEZ Responsable de Automatización |
||